| Tag |
First Indicator |
Second Indicator |
Subfields |
| LEADER |
00000cem a22000007a 4500 |
| 001 |
in00000005657 |
| 005 |
20150929180027.0 |
| 008 |
990923s1999 xxu f000 0 eng d |
| 035 |
|
|
|a (OCoLC)
|
| 035 |
|
|
|a tmp97157774
|
| 035 |
|
|
|9 AJK6409AM
|
| 040 |
|
|
|a MvI
|c MvI
|d UtOrBLW
|
| 049 |
|
|
|a MAPS
|
| 074 |
|
|
|a 0856-A-01
|
| 086 |
0 |
|
|a PREX 3.10/4:AF 8/32
|
| 245 |
0 |
0 |
|a Africa, Scale 1:51,400,000, (R02109), June 1999.
|
| 264 |
|
1 |
|a [Place of publication not identified] :
|b [publisher not identified],
|c [1999?]
|
| 336 |
|
|
|a cartographic image
|b cri
|2 rdacontent
|
| 337 |
|
|
|a unmediated
|b n
|2 rdamedia
|
| 338 |
|
|
|a unspecified
|b zu
|2 rdacarrier
|
| 500 |
|
|
|a Shipping List #: 99-0354-P
|
| 500 |
|
|
|a Shipping List Date: 09/07/99
|
| 500 |
|
|
|a Cartographic material.
|
| 710 |
1 |
|
|a United States.
|b Central Intelligence Agency.
|
| 999 |
|
|
|a MARS
|
| 999 |
f |
f |
|s 20e85ce4-b7b5-3a02-a6e1-6885fb668079
|i 697348fd-dbda-318e-92e9-22018e88f753
|t 0
|
| 952 |
f |
f |
|p noncirc
|a Texas A&M University
|b College Station
|c Sterling C. Evans Library
|d Evans: Maps (2nd floor)
|t 0
|e G8200 1999 .U5
|h Library of Congress classification
|i unspecified -- unspecified
|m A14824327586
|
| 998 |
f |
f |
|a G8200 1999 .U5
|t 0
|l Evans: Maps (2nd floor)
|